000 01312cam a2200313 a 4500
001 13303836
003 ARRUPE
005 20220404084522.0
008 030807s2004 nyu b 001 0 eng
010 _a 2003060878
020 _a0142004006
040 _aDLC
_cDLC
_dDLC
050 0 0 _aPN137
_b.P73 2004
082 0 0 _a808/.02
_222
245 0 4 _aThe practical writer :
_bfrom inspiration to publication /
_cedited by Therese Eiben and Mary Gannon, with the staff of Poets & writers magazine.
260 _aNew York :
_bPenguin Books,
_c2004.
300 _axvi, 366 p. ;
_c22 cm.
500 _aSome contributions were originally published in Poets & writers magazine.
504 _aIncludes bibliographical references and index.
650 0 _aAuthorship.
_940542
700 1 _aEiben, Therese.
_951149
700 1 _aGannon, Mary,
_d1967-
_951150
730 0 _aPoets & writers.
_951151
856 4 2 _3Contributor biographical information
_uhttp://www.loc.gov/catdir/enhancements/fy0716/2003060878-b.html
856 4 2 _3Publisher description
_uhttp://www.loc.gov/catdir/enhancements/fy0716/2003060878-d.html
906 _a7
_bcbc
_corignew
_d1
_eocip
_f20
_gy-gencatlg
942 _2lcc
_cMONOGRAPH
999 _c131212
_d131212